000 01260nas a2200361 4500
001 BR2011003236
003 BR-BrBNA
005 20231205115350.0
007 ta
008 230509b bl.|||p| |||| 00| 00por d
040 _aBR-BrBNA
_bpor
_cBiblioteca Nacional de Agricultura
041 _a(Pt)
072 _aF04; P35
100 1 _aLima, R. de C.M. de
100 1 _aStamford, N.P.
100 1 _aSantos, C.E. de R. e S.
100 1 _aDias, S.H.L.
245 1 _aRendimento da alface e atributos químicos de um Latossolo em função da aplicação de biofertilizantes de rochas com fósforo e potássio
246 1 _aLettuce yield and chemical attributes of an Oxisol by application of biofertilizers from phosphate and potash rocks
650 _aALFACE
650 _aLACTUCA SATIVA
650 _aRENDIMENTO
650 _aBIOFERTILIZANTE
650 _aROCHA
650 _aFÓSFORO
650 _aPOTÁSSIO
650 _aLATOSSOLO
650 _aOXIDAÇÃO DO ENXOFRE
773 0 _tHorticultura Brasileira (Brazil)
_xISSN 0102-0536
_g(Apr-Jun 2007), v. 25(2) p. 224-229
_wBR2011003236
856 4 _uhttp://www.scielo.br/pdf/hb/v25n2/18.pdf
_yRecurso eletrônico (PDF)
909 _a202311
_bLúcia
_c55
_dLúcia Elande
942 _2AGRIS
_n0
_cANA
999 _c213423
_d213423